|
|
|
|
| LEADER |
00808cam a2200217 7i4500 |
| 001 |
0000039923 |
| 005 |
20151104090000.0 |
| 005 |
##20151104151100.0 |
| 002 |
##000000008 |
| 003 |
##MY-KlINT |
| 008 |
151104 00010 eng |
| 020 |
# |
# |
|a 9676106852
|
| 039 |
# |
9 |
|y 201511041511
|z VLOAD
|
| 090 |
0 |
0 |
|a 153.42 AIN
|
| 100 |
1 |
# |
|a Ainon Muhammad
|
| 245 |
0 |
0 |
|a Belajar berfikir :
|b teknik menajamkan daya fikir /
|c Ainon Mohd & Abdullah Hassan..
|
| 250 |
# |
# |
|a 1st Ed..
|
| 260 |
# |
# |
|a Kuala Lumpur:
|b Utusan Publ,
|c 1996.
|
| 500 |
# |
# |
|a Orang yang pandai belajar belum tentu pandai berfikir. Ramai orang terpelajar hanya pandai mempertahankan pendapat-pendapat mereka sendiri. Ini mereka lakukan dengan cara membelasah dan membuktikan pendapat orang lain salah.
|
| 650 |
# |
0 |
|a Creative thinking
|
| 650 |
# |
0 |
|a Thought & thinking
|